Catálogo

Vista normal Vista MARC

Entrada Personal Name

Número de registros utilizados en: 2

001 - CONTROL NUMBER

  • control field: 15032

003 - CONTROL NUMBER IDENTIFIER

  • control field: DLC

005 - DATE AND TIME OF LATEST TRANSACTION

  • control field: 20231020154721.0

008 - FIXED-LENGTH DATA ELEMENTS

  • fixed length control field: 980330n| azannaabn |n aaa c

010 ## - LIBRARY OF CONGRESS CONTROL NUMBER

  • LC control number: nb 98029413
  • Canceled/invalid LC control number: nr 98004462

035 ## - SYSTEM CONTROL NUMBER

  • System control number: (OCoLC)oca04695502

040 ## - CATALOGING SOURCE

  • Original cataloging agency: Uk
  • Language of cataloging: spa
  • Description conventions: rda
  • Transcribing agency: Mx-PuUPA
  • Modifying agency: DLC
  • Modifying agency: UPB
  • Modifying agency: ICrlF
  • Modifying agency: Mx-PuUPA

100 1# - HEADING--PERSONAL NAME

  • Personal name: Charles, Victoria,

372 ## - FIELD OF ACTIVITY

  • Field of activity: Arte
  • Field of activity: Historia
  • Source of term: lcsh

374 ## - OCCUPATION

  • Occupation: Autor
  • Source of term: lcsh

375 ## - GENDER

  • Gender: mujer
  • Source of term: lcdgt

377 ## - ASSOCIATED LANGUAGE

  • Language code: eng
  • Language code: ger

670 ## - SOURCE DATA FOUND

  • Source citation: Rembrandt the engraver, 1997:
  • Information found: t.p. (Victoria Charles)

670 ## - SOURCE DATA FOUND

  • Source citation: Goya, 2013
  • Information found: ECIP t.p. (Victoria Charles) data view (Ph. D., art history)

670 ## - SOURCE DATA FOUND

  • Source citation: Charles, Victoria. Dürer [ER], 2011 :
  • Information found: publisher supplied information (Dürer by Victoria Charles) copyright frame (translation: Marlena Metcalf)

670 ## - SOURCE DATA FOUND

  • Source citation: Schweitzer-online (German) website, March 24, 2021 :
  • Information found: (Dürer. Victoria Charles. Shows cover image of title. The title and cover image are the same as the English version. The book summary is in German.)